000 01047nam a2200277 a 4500
001 000017403
003 DO-SdBNP
005 20220811125610.0
007 000017403
008 100324s2007 dr a 000 f spa d
040 _aBPMSU
_bspa
_cBPMSU
082 _aH843
_bR859g
_222
100 1 _aRoumain, Jacques
_d1907-1944
245 1 0 _aGobernadores del rocío /
_cJacques Roumain ; prólogo Andrés L. Mateo ; prólogista caribeña, notas, cronología y bibliografía Michaelle Ascencio.
260 _aSanto Domingo :
_bSecretaría de Estado de Cultura,
_bFUNGLODE,
_c2007.
300 _a290 p. :
_bil., ;
_c23 cm.
500 _aBibliografía: p. 281-288
504 _aIncluye referencias bibliográficas y nostas al pie de las páginas.
650 4 _aNovela haitiana
650 4 _aLiteratura haitiana
700 1 2 _aMateo, Andrés L.,
_dpról.
700 1 _aAscencio, Michaelle,
_dpról.
710 2 _aFundación Global Democracia y Desarrollo (República Dominicana)
910 _aVMATEO V./Validado. Control de calidad MFF
942 _2ddc
_cBK
999 _c8101
_d8101